| 000 | 00708cam a2200253 4500 | ||
|---|---|---|---|
| 008 | 000000n2002 000 0 eng u | ||
| 020 | _a186081543X | ||
| 035 | _a(Sirsi) u119802 | ||
| 041 | _aeng | ||
| 050 | _a692.2 | ||
| 100 | _aLittlefair, P. | ||
| 110 | _aBuilding Research Establishment | ||
| 245 | _aDwellings and energy efficient lighting | ||
| 260 |
_aLondon _bCRC Ltd _c2002 |
||
| 300 |
_a4p. _bill. _c30cm. |
||
| 490 |
_aBRE Information Paper _v5/02 |
||
| 650 | _aBUILDING REGULATIONS PART L | ||
| 650 | _aENERGY EFFICIENT LIGHTING | ||
| 650 | _aLIGHTING | ||
| 650 | _aINTERNAL LIGHTING | ||
| 650 | _aEXTERNAL LIGHTING | ||
| 690 | _aBUILDING AND CONSTRUCTION-CONTROL | ||
| 942 | _n0 | ||
| 999 |
_c102403 _d102403 |
||